The complete plain words

Tallennettuna:
Bibliografiset tiedot
Päätekijä: Gowers, Ernest
Aineistotyyppi: Kirja
Kieli:Undetermined
Julkaistu: Harmondsworth Penguin 1948
Aiheet:
Tagit: Lisää tagi
Ei tageja, Lisää ensimmäinen tagi!
Thư viện lưu trữ: Trung tâm Học liệu Trường Đại học Cần Thơ
LEADER 00561nam a2200193Ia 4500
001 CTU_219173
008 210402s9999 xx 000 0 und d
082 |a 808 
082 |b G723 
100 |a Gowers, Ernest 
245 4 |a The complete plain words 
245 0 |c Ernest Gowers ; Revised by Bruce Fraser 
260 |a Harmondsworth 
260 |b Penguin 
260 |c 1948 
650 |a Vocabulary,Từ vựng,English language,Tiếng Anh 
650 |x Style,Phong cách 
904 |i Trúc 
980 |a Trung tâm Học liệu Trường Đại học Cần Thơ